000 00579nam a22002057a 4500
003 OSt
005 20140310183007.0
008 130211t xxu||||| |||| 00| 0 eng d
020 _a9789710445448
050 _aTX 354
_b.R457 2009
100 _aReyes, Ma. Corazon R.
245 _aFood selection and preparation manual /
_cMa. Corazon R. Reyes, Jocelyn S. Simon.
260 _aManila :
_bMindshapers,
_c2009.
300 _a243 p. :
_bill. ;
_c22 cm.
521 _aTOU
650 _aFood--
_vManuals
650 _aCooking
_vManuals
942 _2lcc
_cBK
_kLOC
999 _c18183
_d18183